Library Banner

Der Islam: (Record no. 99924)

MARC details
000 -LEADER
fixed length control field 00393nam a22001457a 4500
005 - DATE AND TIME OF LATEST TRANSACTION
control field 20171110102941.0
008 - FIXED-LENGTH DATA ELEMENTS--GENERAL INFORMATION
fixed length control field 171110b xxu||||| |||| 00| 0 eng d
040 ## - CATALOGING SOURCE
Transcribing agency PK-LaUMT
082 ## - DEWEY DECIMAL CLASSIFICATION NUMBER
Classification number PKAC 297
Item number HAM-D
100 ## - MAIN ENTRY--PERSONAL NAME
Personal name Hamidullah , M.
245 ## - TITLE STATEMENT
Title Der Islam:
Remainder of title geschichte, religion , kultur/
Statement of responsibility, etc M. Hamidullah
260 ## - PUBLICATION, DISTRIBUTION, ETC. (IMPRINT)
Place of publication, distribution, etc Islamabad:
Name of publisher, distributor, etc Dawah academy,
Date of publication, distribution, etc 1991
300 ## - PHYSICAL DESCRIPTION
Extent 358 p.
942 ## - ADDED ENTRY ELEMENTS (KOHA)
Koha item type Books
Holdings
Withdrawn status Lost status Damaged status Home library Current library Date acquired Full call number Barcode Date last seen Price effective from Koha item type
      UMT Main Campus UMT Main Campus 2017-11-10 PKAC 297 HAM-D 115786 2017-11-10 2017-11-10 Books